00759nam a2200217 i 450000100060000000300090000600500170001500700030003200800410003508000190007610000410009524500950013625000120023126000590024330000220030249000250032483000330034985200220038299900170040495201200042151288ES-MaACL20240524062949.0t|030812s1943 sp ||||1| spa d a821.111-32"19"0 aChesterton, G. K.,d1874-193693839913aEl club de los negocios raros / cpor G.K. Chesterton ; traducción del inglés por M.P. a2ª ed. aBarcelona : b[s.n.], c1943 (fTip. "La Académica") a157 p. ; c20 cm.1 aAl monigote de papel1 aAl monigote de papel91814054 aES-MaACLjB-10225 c51288d51288 00104070aATENEOMbATENEOMcSPBd2008-01-17eSCl0oB-10225p1053941r2023-02-23 00:00:00w2023-02-23yMONOGRAFIA